LEADER 00919nam a2200241 i 4500 001 000000160749 003 CaOOAMICUS 005 20070411000000.0 008 070411s1973 it u000 u ita u 013 $a138112 040 $aSeMil$bita 100 1 $aMascioni, Grytzko <1936-2003>.$0(OLS)http://semarc/name/28173 245 10$aCarta d'autunno :$bromanzo /$cGrytzko Mascioni. 250 $a2. ed. 260 $a[Milano] :$bArnoldo Mondadori Editore,$c1973. 300 $a192 p. ;$c21 cm. 490 0 $aScrittori italiani e stranieri 830 0$aScrittori italiani e stranieri.$0(OLS)http://semarc/title/2727 850 $aSeMil 852 $aSeMil$W1$xVenegono$y1$m1U III 46$j112202$B112202$CSeMilBibl$Z2$F122820 $81 961 $aOmaggio: Altro 996 $6245$aCarta d'autunno :$bromanzo$9(OLS)http://semarc/title/143559 996 $6260$a[Milano] :$bArnoldo Mondadori Editore$9(OLS)http://semarc/publisher/29634 LEADER 01253nam a2200265 i 4500 001 000000183860 003 CaOOAMICUS 005 20220701141427.0 008 091204s1969 be u000 u fre u 013 $a161830 040 $aSeMil$bita 100 0 $aAlexius,$c.$0(OLS)http://semarc/name/116102 245 10$a2: [Versio]. 300 $aXVIII, 114 p. 490 0 $aCorpus Scriptorum Christianorum Orientalium ;$v299 490 0 $aCorpus Scriptorum Christianorum Orientalium. Scriptores Aethiopici ;$v60 700 1 $aCerulli, Enrico,$d<1898-1988>.$0(OLS)http://semarc/name/9803 773 0 $aAlexius $tVies éthiopiennes de saint Alexis l'homme de Dieu.$dLouvain : CorpusSCO, 1969.$kCorpus Scriptorum Christianorum Orientalium. Scriptores Aethiopici$w()22584 830 0$aCorpus Scriptorum Christianorum Orientalium ;$v299.$0(OLS)http://semarc/title/77 830 0$aCorpus Scriptorum Christianorum Orientalium. Scriptores Aethiopici ;$v60.$0(OLS)http://semarc/title/20661 850 $aSeMil 852 $aSeMil$W1$xVenegono$y1$m2S III 299$j134560$B134560$CSeMilBibl$Z2$F146145 $81 961 $aOmaggio: Altro 996 $6245$a2: [Versio]$9(OLS)http://semarc/title/260943